书目信息 |
| 题名: |
古今侦探故事奇观
|
|
| 作者: | 严振新 , 肖永生 主编 | |
| 分册: | 五 | |
| 出版信息: | 福州 福建少年儿童出版社 2011.01 |
|
| 页数: | 186页 | |
| 开本: | 24cm | |
| 丛书名: | ||
| 单 册: | ||
| 中图分类: | I14 | |
| 科图分类: | ||
| 主题词: | 小说--作品集--世界 | |
| 电子资源: | ||
| ISBN: | 978-7-5395-1549-6 | |
| 000 | 00729nam0 2200229 450 | |
| 001 | 1141030813 | |
| 005 | 20111228112810.95 | |
| 010 | @a978-7-5395-1549-6@dCNY29.00 | |
| 100 | @a20111228d2011 km y0chiy0120 ea | |
| 101 | 0 | @achi |
| 102 | @aCN@b350000 | |
| 105 | @az z 000yy | |
| 200 | 1 | @a古今侦探故事奇观@Agu jin zhen tan gu shi qi guan@h五@f严振新, 肖永生主编@Fyan zhen xin,xiao yong sheng zhu bian |
| 205 | @a第2版 | |
| 210 | @a福州@c福建少年儿童出版社@d2011.01 | |
| 215 | @a186页@d24cm | |
| 606 | 0 | @a小说@x作品集@x世界 |
| 690 | @aI14@v4 | |
| 701 | 0 | @a严振新@Ayan zhen xin@4主编 |
| 701 | 0 | @a肖永生@Axiao yong sheng@4主编 |
| 801 | 0 | @aCN@b大连网信软件有限公司图书馆·11@c20111228 |
| 905 | @aZUCC@dI14@eY0702=2:5@f3 | |
| 古今侦探故事奇观.五/严振新, 肖永生主编.-第2版.-福州:福建少年儿童出版社,2011.01 |
| 186页;24cm |
| ISBN 978-7-5395-1549-6:CNY29.00 |
| ● |
| 相关链接 |
|
|
|
正题名:古今侦探故事奇观
索取号:I14/Y0702=2:5
 
预约/预借
| 序号 | 登录号 | 条形码 | 馆藏地/架位号 | 状态 | 备注 |
| 1 | 1184974 | 211849749 | 文学库108/108文学库 4排2列4层/ [索取号:I14/Y0702=2:5] | 在馆 | |
| 2 | 1184975 | 211849758 | 文学库108/108文学库 4排2列4层/ [索取号:I14/Y0702=2:5] | 在馆 | |
| 3 | 1184976 | 211849767 | 文学库108/108文学库 4排2列4层/ [索取号:I14/Y0702=2:5] | 在馆 |